Microcomputer Desición Support Systems : Design, Implementation, and Evaluation / Stephen J. Andriole (Registro nro. 11856)
[ vista simple ]
| 000 -LÍDER | |
|---|---|
| fixed length control field | 00558nam a2200157 4500 |
| 008 - ELEMENTOS DE LONGITUD FIJA -- INFORMACIÓN GENERAL | |
| fixed length control field | 0 1986 0x 000 0USA |
| 020 ## - NÚMERO INTERNACIONAL NORMALIZADO PARA LIBROS | |
| ISBN | -089435-173-7 |
| 050 ## - SIGNATURA TOPOGRAFICA DE LA BIBLIOTECA DEL CONGRESO (LC) | |
| Número de Clasificación | QA76.5 M5223 |
| 082 ## - NUMERO DE CLASIFICACION DECIMAL DEWEY | |
| Número de Clasificación | 001.64 A227m |
| 100 ## - ASIENTO PRINCIPAL--NOMBRE PERSONAL | |
| Nombre personal | Andriole, Stephen J. |
| 245 ## - TÍTULO | |
| Título | Microcomputer Desición Support Systems : Design, Implementation, and Evaluation / Stephen J. Andriole |
| 260 ## - PUBLICACIÓN, DISTRIBUCIÓN, ETC. (PIE DE IMPRENTA) | |
| Lugar de publicación, distribución, etc. | United States of America : QED Infornation Sciences, Inc. |
| 300 ## - DESCRIPCIÓN FÍSICA | |
| Extensión | xvi, 357 p. / 23 cm. |
| 500 ## - NOTA GENERAL | |
| Nota general | Incluye conclusión, contribuidores. |
| 650 ## - ASIENTO SECUNDARIO DE MATERIA - TERMINO TEMÁTICO | |
| Término temático o nombre geográfico como elemento de entrada | 1.MICROCOMPUTADORES |
| No. biblioteca | No. biblioteca | Número de clasificación | Código de barras/Número de adquisición | Número de copia | Tipo de material |
|---|---|---|---|---|---|
| LUIS G. INCLAN | LUIS G. INCLAN | 001.64 A227m | 12983 | 1 | Libros |
| LUIS G. INCLAN | LUIS G. INCLAN | 001.64 A227m | 12984 | 2 | Libros |
